| 000 | 00000nam##2200000za#4500 |
| 001 | 9.639973 |
| 003 | CaOODSP |
| 005 | 20210624222435 |
| 007 | cr ||||||||||| |
| 008 | 150407|2001||||xxc|||||o f|0| 0 fre|d |
| 040 | |aCaOODSP|bfre |
| 043 | |an-cn--- |
| 086 | 1 |aH21-187/2001F-PDF |
| 110 | 1 |aCanada.|bSanté Canada. |bDirection générale de la politique de la santé et des communications. |
| 245 | 10|aProgramme d'aide préscolaire aux Premières nations - guide des normes |h[ressource électronique] |
| 260 | |aOttawa - Ontario : |bSanté Canada. |c[2001]. |
| 300 | |a72p. |
| 500 | |a«Élaboré par des représentants du Programme d'aide préscolaire aux Premières nations ...»--Page i. |
| 500 | |aLe n° de catalogue (H21-187/2001E) et l'ISBN (0-662-31314-3) de l'édition imprimée en langue anglaise ont été incorrectement copiés dans l'édition pdf en français. |
| 504 | |aBibliographie. |
| 590 | |a12-05-Supp|b2012-03-02 |
| 691 | 07|aÉducation préscolaire|2gcpds |
| 775 | 08|tFirst Nations Head Start standards guide |w(CaOODSP)9.695846 |
| 776 | 0#|tProgramme d'aide préscolaire aux Premières nations - manuel de référence des normes nationales |w(CaOODSP)9.681678 |
| 856 | 40|ahttp://publications.gc.ca|qPDF|s1.26 Mo|uhttps://publications.gc.ca/collections/collection_2012/sc-hc/H21-187-2001-fra.pdf |